| 000 | 01909 a2200241 4500 | ||
|---|---|---|---|
| 001 | 11498 | ||
| 003 | IN-BhIIT | ||
| 005 | 20260529145032.0 | ||
| 008 | 260426b |||||||| |||| 00| 0 eng d | ||
| 020 | _a9780521809269 (hbk.) | ||
| 040 | _aIN-BhIIT | ||
| 041 | _aeng. | ||
| 082 |
_a621.381 _bHOR/A |
||
| 100 |
_aHorowitz, Paul _eAuthor _927732 |
||
| 245 |
_aThe art of electronics : _bthe x-chapters / _cPaul Horowitz and Winfield Hill. |
||
| 260 |
_aLondon : _bCambridge University Press, _c2015. |
||
| 300 |
_axvii, 506 p. : _bill. ; _c30 cm. |
||
| 504 | _aIncludes bibliographical references and index. | ||
| 520 | _aAt long last, here is the thoroughly revised and updated third edition of the hugely successful The Art of Electronics. It is widely accepted as the best single authoritative book on electronic circuit design, and is in fact so popular that it has been counterfeited - so beware if purchasing from a third party via an online retailer, as you may receive a very inferior physical product. In addition to new or enhanced coverage of many topics, the third edition includes 90 oscilloscope screenshots illustrating the behavior of working circuits, dozens of graphs giving highly useful measured data of the sort that is often buried or omitted in datasheets but which you need when designing circuits, and 80 tables (listing some 1650 active components), enabling intelligent choice of circuit components by listing essential characteristics (both specified and measured) of available parts. The new Art of Electronics retains the feeling of informality and easy access that helped make the earlier editions so successful and popular. It is an indispensable reference and the gold standard for anyone, student or researcher, professional or amateur, who works with electronic circuits. | ||
| 650 |
_aElectronics _91277 |
||
| 700 |
_aHill, Winfield _eJoint Author _91279 |
||
| 942 | _cTRB | ||
| 999 |
_c15516 _d15516 |
||